[Event "FRA-chT Top 12"]
[Site "Mulhouse"]
[Date "2011.05.30"]
[Round "5"]
[White "Postny, Evgeny"]
[Black "Williams, Simon Kim"]
[Result "1-0"]
[WhiteElo "2612"]
[BlackElo "2520"]
[Annotator "Postny,E"]
[PlyCount "103"]
[EventDate "2011.05.26"]
[EventType "team-tourn"]
[EventRounds "11"]
[EventCountry "FRA"]
[SourceTitle "CBM 142 Extra"]
[Source "ChessBase"]
[SourceDate "2011.06.27"]
[SourceVersion "1"]
[SourceVersionDate "2011.06.27"]
[SourceQuality "1"]
[WhiteTeam "Metz Fischer"]
[BlackTeam "De Rueil Malmaison"]
[WhiteTeamCountry "FRA"]
[BlackTeamCountry "FRA"]

1. d4 Nf6 2. c4 e6 3. Nf3 c5 4. d5 exd5 5. cxd5 d6 6. Nc3 g6 7. Nd2 {I didn't
expect the Benoni, but I have enough experience in this line.} Bg7 8. e4 O-O 9.
Be2 Re8 {Black can choose to develop the queenside knight either to d7-e5 or
to a6-c7.} (9... Na6 10. O-O Ne8 11. Nc4 Nac7 12. a4 f5 13. Bf3 b6 14. Re1 Ba6
15. Qb3 fxe4 16. Nxe4 h6 17. Bd2 Qd7 18. Ne3 $14 {1-0 Postny,E (2651)-Cebalo,M
(2500)/Sibenik 2009/CBM 132 Extra (40)}) 10. O-O Nbd7 11. Re1 {White has a
vast choice here, including an aggressive 11.f4, 11.Qc2 or the standard 11.a4.
For those wishing to understand White's ideas in this position, I advise to
you to look at the following game from the recent European championship.} (11.
a4 Ne5 12. Ra3 g5 13. Qc2 Qe7 14. Nd1 Ng6 15. Bb5 $1 Rf8 16. Ne3 Nf4 17. Re1
Ng4 18. Nf3 Nxe3 19. Bxe3 Bg4 20. Nd2 Qf6 21. Rb3 Rad8 22. Bf1 Bc8 23. Nc4 Rfe8
24. Bd2 Qg6 25. Rg3 {Excellent piece play!} Qh6 26. b4 cxb4 27. Bxb4 $16 {
1-0 Beliavsky,A (2619)-Yilmaz,M (2488)/Aix les Bains 2011/CB13_2011 (37)})
11... Ne5 12. h3 {The alternative is the immediate 12.Nf1, which I've played
myself as well. The move in the text is not a waste of time, it's useful to
cover the g4-square.} g5 {Typical plan. Black is building his play on the dark
squares. The drawback is clear - the f5 spot!} 13. Nf1 h6 ({The bold attempt
to break through doesn't work:} 13... g4 $2 14. hxg4 Nfxg4 15. f3 Qh4 $2 (15...
Nf6 $16) 16. g3 Qh3 17. fxg4 Nxg4 18. Bxg4 Bxg4 19. Qc2 Bf3 20. Qh2 $18) 14. a4
{This move should be made sooner or later.} Ng6 15. Ng3 a6 (15... Bd7 $6 16.
Bb5 $1 {The exchange of light-squared bishops will make White's task of
getting the f5 square easier.}) 16. Bd2 Bd7 17. Ra3 $6 {A typical move in the
Benoni, but not very effective in this particular position. Instead, White had
two preferable alternatives.} (17. Rb1 Rc8 (17... Qc7 18. b4 $14) 18. b4 cxb4 (
18... c4 19. Qc1 $5 $14) 19. Rxb4 $14) (17. Qc2 Nf4 (17... Qc7 18. Nd1 $16 {
[%cal Gd1e3,Ge3f5]}) 18. Bf1 h5 $6 (18... N6h5 19. Nxh5 Nxh5 20. a5 $14 (20.
Nd1 b5 $132)) 19. Nf5 Bxf5 20. exf5 N6xd5 21. Rxe8+ Qxe8 22. Re1 Qd7 23. h4 $1
$16) 17... Qc7 $6 {The queen is misplaced here, Black should search for glory
on the kingside.} (17... Nf4 18. Bf1 h5 19. Bxf4 (19. Nf5 Bxf5 20. exf5 Qd7 {
In this line it can be seen that the rook on a3 is not to the point.}) 19...
gxf4 20. Nxh5 Nxh5 21. Qxh5 Re5 22. Qf3 Qh4 {This kind of active play is what
Black should strive for in the Benoni. The compensation is beyond any doubt.})
18. Qc2 Re7 $1 {Intending to double the rooks and increase the pressure on the
Pe4.} 19. Nd1 $1 {The knight is heading to f5.} Rae8 20. f3 Nf4 21. Ne3 N6h5 $1
{The only reasonable idea that Black could think of.} 22. Ngf5 {I spend quite
a while on this obvious move, as I wasn't sure about the sacrifice that could
occur in the game.} Bxf5 23. Nxf5 Re5 $2 {This was a pleasant surprise.} (23...
Nxd5 $1 {I had calculated this before playing 22.Ngf5.} 24. Nxe7+ Nxe7 (24...
Qxe7 $2 25. exd5 Bd4+ 26. Kh2 Bf2 (26... Qe5+ 27. f4 $18) 27. Raa1 Qe5+ 28. f4
Nxf4 29. Bc3 $1 $18) 25. Bc3 Nc6 26. Bxg7 Kxg7 27. Bc4 Qe7 28. Rae3 Qe5 29. Qc3
Nd4 30. a5 Nf4 {Black's superb knights yield him reasonable compensation for
the sacrificed exchange.}) 24. Nxg7 Kxg7 $6 (24... Nxg7 25. Bc3 R5e7 26. Raa1 (
26. Bf6 Rd7 27. h4 Ngh5 $1 28. hxg5 Nxf6 29. gxf6 Qd8 30. g3 Nxe2+ 31. Qxe2
Qxf6 $14) 26... Nxe2+ 27. Rxe2 f5 28. Rae1 $16) 25. Bc3 Ng3 26. Bf1 h5 27. Kh2
h4 {Now, if it were Black's turn to move, after ...a6-a5 White can't win, as
there is no way for breakthrough on either flank.} 28. a5 {Fixing the
queenside. Black's knight are just a beautiful decoration and can't create any
serious threats.} ({An engine screams for} 28. b4 {but, having not much time
on the clock, I didn't want to rush matters.}) 28... Qd8 29. Rb3 Qd7 30. Rb6 f6
31. Bxe5 Rxe5 32. Qb3 (32. Rb1 $1 $18 {[%cal Gb2b4]}) 32... Re7 33. Bc4 Ng6 34.
Qc3 Ne5 35. Bd3 {Yes, I admit, my technique wasn't impressive, but, I believe
I didn't spoil it.} Nh5 36. Rb1 Nf4 37. Bf1 f5 {The last practical chance.} (
37... Qc7 38. b4 $1 Nd7 39. bxc5 Nxc5 (39... Nxb6 40. axb6 Qxc5 41. Qxc5 dxc5
42. Rc1 $18 {[%csl Rc5]}) 40. Qd4 $18 {Sooner or later the exchange sacrifice
on c5 will be the decisive breakthrough}) 38. b4 c4 39. b5 {Finally opening
the b-file.} fxe4 40. fxe4 g4 41. bxa6 bxa6 42. Qe3 g3+ 43. Kg1 Neg6 (43... Rf7
44. Rb7 $18) 44. Qa3 $1 {It was possible to grab either Pc4 or Pa6, but the
move in the text is the clearest way.} Rf7 45. Qxd6 Qa4 46. Rb7 Rxb7 47. Rxb7+
Kh6 48. Rf7 Nxh3+ 49. gxh3 c3 50. Qc5 Qxe4 51. Qxc3 Ne5 52. Bg2 1-0

[Event "EU-ch 12th"]
[Site "Aix les Bains"]
[Date "2011.03.23"]
[Round "2"]
[White "Beliavsky, Alexander G"]
[Black "Yilmaz, Mustafa"]
[Result "1-0"]
[WhiteElo "2619"]
[BlackElo "2488"]
[Annotator "Reeh,O"]
[PlyCount "73"]
[EventDate "2011.03.22"]
[EventType "swiss"]
[EventRounds "11"]
[EventCountry "FRA"]
[SourceTitle "CBM 142 Extra"]
[Source "ChessBase"]
[SourceDate "2011.06.27"]
[SourceVersion "1"]
[SourceVersionDate "2011.06.27"]
[SourceQuality "1"]

1. d4 Nf6 2. c4 e6 3. Nf3 c5 4. d5 d6 5. Nc3 exd5 6. cxd5 g6 7. e4 Bg7 8. Be2
O-O 9. O-O Re8 10. Nd2 Nbd7 11. a4 Ne5 12. Ra3 g5 13. Qc2 Qe7 14. Nd1 Ng6 15.
Bb5 Rf8 16. Ne3 Nf4 17. Re1 Ng4 18. Nf3 Nxe3 19. Bxe3 Bg4 20. Nd2 Qf6 21. Rb3
Rad8 22. Bf1 Bc8 23. Nc4 Rfe8 24. Bd2 Qg6 25. Rg3 Qh6 26. b4 cxb4 27. Bxb4 f5
$2 {White's pieces are simply too well placed for Black to open up the game
like this.  Für eine derartige Öffnung des Spiels stehen die weißen Figuren
einfach zu gut.} 28. exf5 Rxe1 29. Bxe1 Nxd5 ({Comparatively better was
Vergleichsweise besser war} 29... Rf8 30. Ne3 Qf6) 30. Bd2 $1 {Targeting g5.
Zielpunkt g5.} Nf4 {[%tqu "En","White wants to win the d6-pawn whereupon the
diagonal b3-g8 would be very weak. What is the first step to achieving this
goal?","The point d6 is protected by two pieces. The magic word is deflection..
.","","h2h4","Step 1 - the black queen is lured away from d6 since 31...gxh4
loses the Nf4.",20,"De","Weiß möchte den Bauern d6 erobern, wonach die
Diagonale b3-g8 sehr schwach wäre. Wie lautet der erste Schritt, um dieses
Ziel zu erreichen?","Der Punkt d6 wird von zwei Figuren gedeckt. Das
Zauberwort lautet Ablenkung...","","h2h4","Schritt 1 - die schwarze Dame wird
von d6 weggelockt, denn 31...gxh4 verliert ja den Nf4.",20]} 31. h4 $1 {
Deflection 1... Ablenkung 1...} Qxh4 (31... gxh4 {uproots the Nf4 and allows
entwurzelt den Nf4 und ermöglicht} 32. Rg4 {winning a piece. mit Figurengewinn.
}) {[%tqu "En","What now?","","","c4d6","...and deflection 2 - the rook can't
give up the protection of the Bc8, and after the fall of the d6-pawn the
weakness of the diagonal b3-g8 decides the game immediately (no ...d5 anymore!)
.",10,"De","Was nun?","","","c4d6","...und Ablenkung 2 - der Turm darf die
Deckung des Bc8 nicht aufgeben, und nach dem Fall des Bauern d6 entscheidet
die Anfälligkeit der Diagonalen b3-g8 die Partie im Handumdrehen (kein ...d5
mehr!).",10]} 32. Nxd6 $1 {...and deflection 2 - the rook can't give up the
protection of the Bc8, and after the fall of the d6-pawn the weakness of the
diagonal b3-g8 decides the game immediately (no ...d5 anymore!). ...und
Ablenkung 2 - der Turm darf die Deckung des Bc8 nicht aufgeben, und nach dem
Fall des Bauern d6 entscheidet die Anfälligkeit der Diagonalen b3-g8 die
Partie im Handumdrehen (kein ...d5 mehr!).} Bd4 (32... Rxd6 33. Qxc8+ {and
Black's position collapses: und die schwarze Stellung bricht zusammen:} Bf8 34.
Bc4+ Kg7 35. Bc3+) 33. Qb3+ {Avoiding the last trap. Vermeidet die letzte
Falle.} (33. Nxc8 $4 {[%tqu "En","How can Black win immediately?","","","f4h3",
"...and Black wins since on the next move he can take on either f2 or g3 -
with check!",10,"h4g3","This only leads to equality!",0,"De","Wie kann Schwarz
sofort gewinnen?","","","f4h3","...und Schwarz gewinnt, denn im nächsten Zug
kann er entweder auf f2 oder g3 schlagen - mit Schach!",10,"h4g3","Dies führt
nur zum Ausgleich!",0]} Nh3+ $1 {and Black wins - und Schwarz siegt -} (33...
Qxg3 {only leads to equality after führt nur zum Ausgleich nach} 34. Qc4+ Kg7 (
34... Kf8 35. Qb4+) 35. Qxd4+ $1 Rxd4 36. fxg3 Rxd2 37. gxf4) 34. Rxh3 (34.
gxh3 Qxg3+ 35. Kh1 Qxf2 36. Bc4+ Kh8 37. Qd1 Rxc8) (34. Kh2 Nxf2+ 35. Rh3 Nxh3
36. g3 Qh5 $1 37. Bxh3 g4) 34... Qxf2+ 35. Kh2 Be5+ 36. Kh1 Qxf1#) 33... Kg7
34. f6+ Kxf6 35. Qf7+ Ke5 36. Nc4+ Ke4 {[%tqu "En","Which move leads to mate
in 2?","","","f1d3","...followed by 37...Nxd3 38.Qf3++.",10,"De","Welcher Zug
führt zu Matt in 2?","","","f1d3","... nebst 37...Nxd3 38.Qf3++.",10]} 37. Bd3+
$1 {... followed by 37...Nxd3 38.Qf3++. ... nebst 37...Nxd3 38.Qf3++.} 1-0

[Event "EU-Cup 31st"]
[Site "Skopje"]
[Date "2015.10.18"]
[Round "1.3"]
[White "Laznicka, Viktor"]
[Black "Van Kerkhof, David"]
[Result "1-0"]
[WhiteElo "2676"]
[BlackElo "2319"]
[Annotator "Schulz,Andre"]
[PlyCount "51"]
[EventDate "2015.10.18"]
[EventType "team-swiss"]
[EventRounds "7"]
[EventCountry "MKD"]
[SourceTitle "CBM 169"]
[Source "ChessBase"]
[SourceDate "2015.11.10"]
[SourceVersion "1"]
[SourceVersionDate "2015.11.10"]
[SourceQuality "1"]
[WhiteTeam "Novy Bor"]
[BlackTeam "Calder HMC"]
[WhiteTeamCountry "CZE"]
[BlackTeamCountry "NED"]

1. d4 Nf6 2. c4 c5 3. d5 e6 4. Nc3 exd5 5. cxd5 d6 6. e4 g6 7. Be2 Bg7 8. Nf3
O-O 9. O-O Re8 10. Nd2 a6 ({Jeder Schachspieler kennt} 10... Nbd7 11. Qc2 Nh5
12. Bxh5 gxh5 13. Nc4 Ne5 14. Ne3 Qh4 15. Bd2 Ng4 16. Nxg4 hxg4 17. Bf4 Qf6 18.
g3 Bd7 19. a4 b6 20. Rfe1 a6 21. Re2 b5 22. Rae1 Qg6 23. b3 Re7 24. Qd3 Rb8 25.
axb5 axb5 26. b4 c4 27. Qd2 Rbe8 28. Re3 h5 29. R3e2 Kh7 30. Re3 Kg8 31. R3e2
Bxc3 32. Qxc3 Rxe4 33. Rxe4 Rxe4 34. Rxe4 Qxe4 35. Bh6 Qg6 36. Bc1 Qb1 37. Kf1
Bf5 38. Ke2 Qe4+ 39. Qe3 Qc2+ 40. Qd2 Qb3 41. Qd4 Bd3+ {0-1 (41) Spassky,B 
(2660)-Fischer,R (2785) Reykjavik 1972}) 11. a4 Nbd7 12. Qc2 Nh5 {[#] Auf
Fischers Spuren.} 13. Bxh5 gxh5 14. Nd1 {Das spielte Gligoric kurz nach dem
WM-Kampf gegen Browne anstelle von Spasskis Sc4.} Ne5 15. h3 {Laznickas
Neuerung, 43 Jahre später. Der schwarze Springer kommt nicht mehr nach g4.} (
15. Ne3 Qh4 16. Ra3 Bd7 17. f4 Ng4 18. Nxg4 hxg4 19. Nc4 Qe7 20. e5 dxe5 21.
fxe5 Bxe5 22. Nxe5 Qxe5 23. Qxc5 Rac8 24. Qf2 f5 25. h3 Rc4 26. Bf4 Qg7 27.
hxg4 fxg4 28. Re3 Rf8 29. g3 h5 30. Qd2 Qd4 31. Qxd4 Rxd4 32. Re5 Rxa4 33. Rg5+
Kh7 34. Rxh5+ Kg7 35. Rg5+ Kh7 36. Kg2 Rf6 37. Re1 {1-0 (37) Gligoric,S (2575)
-Browne,W (2530) San Antonio 1972}) 15... Qh4 {Ohne die Möglichkeit zu Sg4
steht die Dame auf h4 deplatziert.} (15... Qe7 16. Ra3 Bd7 17. f4 Ng6 18. f5
Ne5 19. Rg3 f6 $14) 16. Ra3 Bd7 17. f4 {Der Vorstoß des f-Bauern sorgt nun im
schwarzen Lager für mächtige Unordnung.} Ng6 18. Nc4 Bd4+ 19. Kh1 Qe7 20. f5
Ne5 21. Rg3+ Kh8 {[#]} 22. f6 $18 Qf8 23. Nb6 Rac8 24. Rg7 c4 25. Nxd7 Nxd7 {
[#]} 26. e5 1-0

[Event "Altensteig"]
[Site "Altensteig"]
[Date "1995.??.??"]
[Round "11"]
[White "Bischoff, Klaus"]
[Black "Luther, Thomas"]
[Result "1/2-1/2"]
[WhiteElo "2550"]
[BlackElo "2550"]
[Annotator "Stohl,I"]
[PlyCount "69"]
[EventDate "1995.08.??"]
[EventType "tourn"]
[EventRounds "11"]
[EventCountry "GER"]
[EventCategory "12"]
[SourceTitle "CBM 049"]
[Source "ChessBase"]
[SourceDate "1995.12.01"]
[SourceVersion "1"]
[SourceVersionDate "1995.12.01"]
[SourceQuality "1"]

1. Nf3 {Giese} Nf6 2. c4 e6 3. d4 c5 4. d5 exd5 5. cxd5 d6 6. Nc3 g6 7. Nd2 a6
(7... Nbd7 8. e4 Bg7 9. Nc4 Nb6 10. Ne3 O-O 11. Bd3 Re8 12. O-O Bd7 13. a4 a6
14. Re1 Rb8 15. g3 Qc7 16. a5 Nc8 17. f3 Na7 18. Nc4 Bb5 19. Bf4 Bxc4 20. Bxc4
Nd7 21. Be3 f5 22. Qd2 Ne5 23. Be2 Nf7 24. Kg2 fxe4 25. Nxe4 Nb5 26. Rac1 Qd7
27. b4 $16 {Ftacnik,L-Poloch,P/Sumperk ch-CS/1984/}) 8. a4 Nbd7 9. e4 Bg7 10.
Be2 (10. Nc4 $5 Nb6 11. Ne3 O-O 12. Bd3 {-7...Nbd7}) 10... O-O 11. Qc2 (11. O-O
$142 Re8 12. f4 $1 (12. Ra3 Ne5 13. Qc2 g5 14. f3 Nh5 15. g3 Bh3 16. Rf2 Ng6
17. Bf1 Bc8 18. Nc4 Rf8 19. Be3 f5 20. exf5 Bxf5 21. Qd1 Bxc3 22. bxc3 Ng7 23.
Bc1 Qf6 24. Rb3 Rf7 25. Ne3 Ne5 26. c4 $14 {Nepomnishay,M-Notkin,M/St.
Petersburg op/1995/}) 12... c4 13. Kh1 Nc5 14. e5 dxe5 15. fxe5 Rxe5 16. Nxc4
Rf5 17. Bf4 (17. Bf3 b6 18. Be3 Rb8 19. Bd4 a5 20. Ne5 Ba6 21. Nc6 Qd6 22. Re1
Re8 23. Rxe8+ Nxe8 24. Qe1 Kf8 25. Bxc5 Qxc5 26. Ne4 Qxd5 27. Ng3 Qe6 28. Nxf5
Qxe1+ 29. Rxe1 gxf5 30. b3 $16 {Ho Van Huynh-El Taher,F/Manila olm/1992/})
17... Nh5 18. Be3 Bxc3 19. Rxf5 Bxf5 20. bxc3 Rc8 21. Bxh5 gxh5 22. Bxc5 Rxc5
23. Ne3 Bg6 24. Qd4 Ra5 25. d6 b5 26. Nd5 f5 27. Ne7+ {1-0/Schmidt,Wl-Nun,Jo/
Trnava/1985/}) 11... Re8 12. O-O Rb8 13. a5 Qc7 (13... b5 $6 14. axb6 Nxb6 (
14... Qxb6 15. Nc4 $16) 15. Nb3 Ra8 16. Na5 Qc7 17. Bf4 Nfd7 18. Nc6 $36 {
Hadjiyiannis,C-Grivas,E/Haifa ETC/1989/}) (13... Ne5 $5 14. b3 (14. Ra3 b5 15.
axb6 Rxb6 16. Re1 $6 {[%csl Rf2] ><f2} Nfg4 17. h3 Nxf2 $1 18. Kxf2 Qh4+ 19.
Kf1 Bxh3 20. gxh3 Qxh3+ 21. Kf2 Qh2+ 22. Kf1 Bf6 $3 {[%cal Rf6h4] /\Bh4,0-1/
Guliev,S-Minasjan,A/URS-chT Azov/1991/}) 14... g5 15. Bb2 Ng6 16. Rfe1 Nf4 17.
Bf1 Ng4 18. Nc4 Ne5 19. Na4 Bd7 20. Nab6 Bb5 21. Nxe5 Bxe5 22. Bxe5 Rxe5 23. b4
Bxf1 24. Kxf1 cxb4 25. Rab1 Qe7 26. Rxb4 Re8 $132 {Karolyi jr,T-Forintos,G/
HUN-ch/1986/}) 14. Ra3 (14. f4 {[%csl Gd5,Ge4,Gf4] (),[+]} b5 15. axb6 Nxb6 $5
(15... Rxb6 16. Nc4 $36) 16. h3 (16. Bf3 Ng4 $132) (16. Bxa6 $2 Ra8 $17) 16...
c4 $13) (14. Nc4 $5 b5 (14... Ne5 15. Nb6 $14) 15. axb6 Nxb6 16. Na5 $14) (14.
b3 Nxe4 $5 15. Ndxe4 Rxe4 16. Qxe4 Bxc3 17. Ra2 Nf6 $44) 14... h6 15. b3 g5 $1
{[%csl Ge5,Gf4] A typical Benoni move, maintaining control over the dark
squares on the King-side. (e5,f4)} 16. Bb2 $6 (16. Nd1 $2 Nxd5) (16. Nc4 $142
$5 Ne5 17. Nxe5 Rxe5 18. f4 gxf4 19. Bxf4 Re7 $13) 16... Ne5 17. Nd1 Ng6 18.
Bc4 (18. Ne3 $6 Nxe4 $1 19. Bxg7 (19. Nxe4 Bxb2 20. Nxd6 Bxa3 21. Nxe8 Qe7 $19)
19... Nxd2 $15) 18... Qe7 $15 19. Nc3 (19. f3 {[%cal Yd1e3] /\Ne3} g4 $1 $36)
19... Ng4 20. Raa1 Bd7 21. Ne2 N4e5 22. Ng3 (22. f4 $2 Ng4 $36) 22... Nf4 23.
Rfe1 h5 24. Ngf1 (24. Nf5 Bxf5 25. exf5 Qf6 26. Rab1 g4 $15 {/\} 27. Ne4 $2
Qxf5) 24... Qf6 {[%cal Re5f3] /\Nf3} 25. Rab1 Nxg2 $6 {[%csl Rf2,Rf3,Rh3] a
"forced draw-sacrifice" ein Opfer, das forciert zu einem Dauerschach führt} (
25... Qg6 $5 $15 {[%cal Yg5g4,Yh5h4] /\g4,h4|^>>}) 26. Kxg2 Bh3+ $1 27. Kg1 $8
(27. Kxh3 {Giese} Qxf2 28. Ng3 g4+ 29. Kh4 Bf6+ 30. Kxh5 Qxh2#) (27. Kh1 {Giese
} Qxf2 $19) 27... Nf3+ (27... Qf4 $2 28. Re3 $16) 28. Nxf3 (28. Kh1 $2 Nxe1 {
[%csl Rc2]} 29. Rxe1 (29. Bxf6 {Giese} Bg2+ $1 {[%csl Re4][%cal Gg2e4,Gg2h1]}
30. Kg1 Nxc2 $19) 29... Qxf2 30. Re2 Bg2#) 28... Qxf3 29. Ne3 Rxe4 {[%cal
Ye4g4]} 30. Bf1 $1 $8 (30. Bxg7 $2 Rg4+ 31. Nxg4 Qg2#) 30... Rg4+ $10 (30...
Bxf1 31. Kxf1 Rbe8 $5 $44) 31. Nxg4 Qxg4+ 32. Kh1 Qf3+ 33. Kg1 Qg4+ 34. Kh1
Qf3+ 35. Kg1 1/2-1/2